000 00715nam a22001817a 4500
999 _c15013
_d15013
003 OSt
082 _2631.75 807 ALB/DE
088 _aP 201
100 _aALBERT C. J
_aANUSHA P
_aSHEMEEMA U. S
_93606
245 _aDevelopment of technology for alternative material to areca leaf plates
260 _aTavanur 2009
_bKelappaji college of Agricultural Engineering and Technology
300 _a40
500 _aDevelopment of technology for alternative material to areca leaf plates
520 _aDevelopment of technology for alternative material to areca leaf plates
700 _aDr. Santhi Mary Mathew (Guide)
_93359
856 _uhttps://drive.google.com/open?id=1-XLQ-96yZkQcSHCjdkUgPo5uwbRHx4g_
942 _cPR